00222 a2200109 4500001000700000020000600007040001100013100000600024240003900030245003400069362000900103180801 a  cMagnum a-10aJoao e o pe de feijao/edelbralpor10aJoao e o pe de feijao/edelbra0 a1899